Animales por imagen acercada - Estadísticas

Estadísticas generales
  • Esta prueba ha sido intentada 6.247 veces
  • La puntuación promedio es 14 de 16
Estadísticas de respuestas
Imagen Respuesta % Correcto
Tigre
99%
Jirafa
98%
Mariposa monarca
98%
Oso panda
98%
Pingüino emperador
97%
Orca
96%
Pavo real
96%
Cebra
95%
Mariquita
95%
Jaguar
93%
Pez payaso
90%
Cobra
88%
Mofeta
82%
Armadillo
81%
Lince ibérico
72%
Viuda negra
46%
No se encontraron pruebas coincidentes
Distribución de puntuación
Porcentaje de gente con cada puntuación
Porcentaje por número respondido
Historial de tus puntuaciones
No has intentado esta prueba.